000 00399 a2200169 4500
001 190057
020 _a
040 _cMagnum
100 _aBrasil
240 1 0 _aDiário de um diário/o show do século
_lpor
245 1 0 _aDiário de um diário/o show do século
300 _a31
362 0 _a2008
440 1 _aMinistério das Cidades
697 _aLITERATURA INFANTO-JUVENIL
942 _cBK
999 _c190057
_d190057